Pays du monde et prénoms (mort subite) - Statistiques

Statistiques générales
  • Ce quiz a été pris 119 fois
    23 depuis la dernière actualisation
  • Le résultat moyen est 8 sur 15
Answers on the Grid
Answers color-coded by a green-red scale on the quiz's grid according to % correct below.
Guyana
Jordanie
Sri Lanka
Russie
Slovénie
Mauritanie
Albanie
Kenya
Afghanistan
Lesotho
Belize
Danemark
Seychelles
République Dominicaine
Monténégro
Monaco
Philippines
Sierra Leone
Royaume-Uni
 
Statistiques - réponses
Réponse % Correct
Albanie
90%
Jordanie
90%
Philippines
76%
Monaco
67%
Sierra Leone
62%
Belize
57%
Guyana
57%
Kenya
57%
Mauritanie
57%
République Dominicaine
57%
Danemark
48%
Afghanistan
33%
Lesotho
24%
Sri Lanka
19%
Royaume-Uni
5%
Aucun quiz correspondant
Distribution des résultats
% des personnes avec chaque résultat
Percentile par nombre de réponses
Votre historique - résultats
Vous n’avez pas pris ce quiz depuis la dernière actualisation